Представление документа в формате RUSMARC

ПолеНазваниеЗначение
  Тип записи c
  Библиографический уровень m
001 Контрольный номер RU/УОНБ/EK_N/322866078
005 Дата корректировки 20250703150911.3
010 Индекс ISBN __
9 Тираж 8000 экз.
013 Номер (ISMN) __
d Цена 15 к.
071 Издательские номер (звукозапись и ноты) 21
a Номер, присвоенный агентством 24663
100 Данные общей обработки __
a Данные общей обработки 20140415d1955 u y0rusy0103||||ca
101 Язык документа 0_
a Язык текста rus
f Язык титульного листа rus
102 Страна публикации __
a Страна публикации RU
125 Кодированные данные звукозаписи и нотных изданий __
a Форма изложения нотного текста с|
128 Кодированные данные (звукозаписи-физические характеристики) __
a Кодированные данные: Музыкальная форма и тональность или лад ccn
b Инструменты или голоса, необходимые для ансамблей (устаревшее) ka||
c Инструменты или голоса, рекомендуемые для солистов (устаревшее) vu||
200 Заглавие и сведения об ответственности 1_
a Заглавие Эстрадные песни
e Сведения, относящиеся к заглавию для голоса с фп.
f Первые сведения об ответственности Н. Богословский
210 Выходные данные 1_
a Место издания Москва
c Издательство Музгиз
d Дата издания 1955
215 Физическое описание __
a Объем 11 с.
d Формат 29 см
327 Примечание о содержании 11
a Примечание о содержании Содерж. : Песня о любви / сл. Е. Долматовского. - Приходи скорей ; Каждый вечер ; Вот какое положенье / сл. В. Бахнова и Я. Костюковского.
464 Аналитический уровень _0
1 2001
a Песня о любви
e Коль тайга в снега суровые одета...
1 702 1
a Долматовский
b Е.
4 520
464 Аналитический уровень _0
1 2001
a Приходи скорей
e Белою метелью расцветает вишня...
1 702 1
a Бахнов
b В.
4 520
1 702 1
a Костюковский
b Я.
4 520
464 Аналитический уровень _0
1 2001
a Каждый вечер
e Каждый вечер, лишь луна взойдет...
e шуточная
1 702 1
a Бахнов
b В.
4 520
1 702 1
a Костюковский
b Я.
4 520
464 Аналитический уровень _0
1 2001
a Вот какое положенье
e Знают все девчата наши...
e шуточная
1 702 1
a Бахнов
b В.
4 520
1 702 1
a Костюковский
b Я.
4 520
512 Заглавие обложки 1_
a Заглавие обложки Эстрадные песни
606 Тематические рубрики 0_
a Основная рубрика Песни советских композиторов
x Основная подрубрика Эстрадные песни
610 Ключевые слова 0_
a Ключевые слова песни советских композиторов
610 Ключевые слова 0_
a Ключевые слова эстрадные песни
686 Индексы других классификаций __
a Классификационный индекс 85.943.4-42я44
2 Код системы rubbk
700 Автор _1
a Фамилия Богословский
b Имя (инициалы) Н. В.
g Полное личное имя Никита Владимирович
801 Источник записи _0
a Страна RU
b Организация Ульяновская ОНБ
c Дата составления 20140415
g Правила каталогизации PSBO
801 Источник записи _1
a Страна RU
b Организация Ульяновская ОНБ
c Дата составления 20140415
901 Тип документа __
t Тип документа m
909 Создатель записи __
a Создатель записи Грязнова И. Е.
910 Корректоры записи __
a Корректор записи Илямакова
938 Служебная информация __
a Имя БД noti
b Имя библиотеки УОНБ
c Имя АИБС МАРК-SQL
d Номер DOC_ID в БД 7800